Southville International School and Colleges
Your cart is empty.
  • Cart
  • Lists
    Public lists list_1 View all
    Your lists Log in to create your own lists
  • Log in to your account
  • Your cookies
  • Search history
Southville International School and Colleges
  • Advanced search
  • Recent comments
  • Most popular
  • Libraries

Log in to your account

Log in with GOOGLE


If you do not have an external account, but do have a local account, you can still log in:

  1. Home
  2. MARC view: An anteater named Arthur /
Normal view MARC view ISBD view

An anteater named Arthur / (Record no. 110007)

[ view plain ]
MARC details
000 -LEADER
fixed length control field 00464nam a2200169 a 4500
001 - CONTROL NUMBER
control field 3439
005 - DATE AND TIME OF LATEST TRANSACTION
control field 20140414131848.0
008 - FIXED-LENGTH DATA ELEMENTS--GENERAL INFORMATION
fixed length control field 060327s19uu xx 00 eng d
020 ## - INTERNATIONAL STANDARD BOOK NUMBER
International Standard Book Number 0-395-45990-7
050 ## - LIBRARY OF CONGRESS CALL NUMBER
Classification number ER
Item number An627 1967
100 ## - MAIN ENTRY--PERSONAL NAME
Personal name Waber, Bernard
245 ## - TITLE STATEMENT
Title An anteater named Arthur /
Statement of responsibility, etc by Bernard Waber.
260 ## - PUBLICATION, DISTRIBUTION, ETC. (IMPRINT)
Place of publication, distribution, etc Boston :
Name of publisher, distributor, etc Houghton Mifflin,
Date of publication, distribution, etc 1967.
300 ## - PHYSICAL DESCRIPTION
Extent 48 p. : ill. ; cm.
650 ## - SUBJECT ADDED ENTRY--TOPICAL TERM
Topical term or geographic name as entry element Reading
General subdivision Study and teaching.
Holdings
Withdrawn status Lost status Damaged status Use restrictions Home library Current library Shelving location Date acquired Source of acquisition Total Checkouts Full call number Barcode Date last seen Price effective from Koha item type
        Munich Library Munich Library Easy Reading Section 03/27/2006     ER An627 1967 M0246 04/14/2014 04/14/2014 Books

An anteater named Arthur /

APA

Waber B., . (1967). An anteater named Arthur. Boston: Houghton Mifflin.

Chicago

Waber Bernard, . 1967. An anteater named Arthur. Boston: Houghton Mifflin.

Harvard

Waber B., . (1967). An anteater named Arthur. Boston: Houghton Mifflin.

MLA

Waber Bernard, . An anteater named Arthur. Boston: Houghton Mifflin. 1967.

  • Place hold
  • Print
  • Cite
  • Add to your cart (remove)
  • Save record
    BIBTEX Dublin Core MARCXML MARC (non-Unicode/MARC-8) MARC (Unicode/UTF-8) MARC (Unicode/UTF-8, Standard) MODS (XML) RIS
  • More searches
    Search for this title in:
    Other Libraries (WorldCat) Other Databases (Google Scholar) Online Stores (Bookfinder.com) Open Library (openlibrary.org)

Exporting to Dublin Core...

SOUTHVILLE LIBRARY

Southville International School and Colleges Library

1281 Tropical Ave. Cor. Luxembourg St., BF Homes International, Las Pinas City

Tel. No. 8256374 / 252358 Loc. 117/146

Powered by Koha